LEADER 01393nam 2200469 450 001 9910158852103321 005 20211109143800.0 010 $a84-9085-936-1 035 $a(CKB)3710000001010941 035 $a(MiAaPQ)EBC4823799 035 $a(MiAaPQ)EBC6522280 035 $a(Au-PeEL)EBL6522280 035 $a(OCoLC)968761283 035 $a(EXLCZ)993710000001010941 100 $a20170424d2016 uy 0 101 0 $aspa 135 $aurcnu|||||||| 181 $2rdacontent 182 $2rdamedia 183 $2rdacarrier 200 10$aAbriendo caminos de interculturalidad e inclusio?n en la escuela /$fJuan Jose? Leiva Olivencia 210 1$aMadrid :$cDykinson,$d[2016] 215 $a1 online resource (221 pa?ginas) 300 $aContiene i?ndice. 311 $a84-9085-887-X 606 $aMulticultural education 606 $aEducacio?n multicultural 606 $aEducation 606 $aEducacio?n 608 $aLibros electronicos. 615 0$aMulticultural education. 615 4$aEducacio?n multicultural. 615 0$aEducation. 615 4$aEducacio?n. 676 $a370.117 700 $aLeiva Olivencia$b Juan Jose?$0846949 801 0$bFINmELB 801 1$bFINmELB 906 $aBOOK 912 $a9910158852103321 996 $aAbriendo caminos de interculturalidad e inclusio?n en la escuela$91907397 997 $aUNINA LEADER 00934nam a22002411i 4500 001 991002798039707536 005 20030904130538.0 008 030925s1914 it |||||||||||||||||ita 035 $ab12339891-39ule_inst 035 $aARCHE-038743$9ExL 040 $aBiblioteca Interfacoltą$bita$cA.t.i. Arché s.c.r.l. Pandora Sicilia s.r.l. 082 04$a801.95 100 1 $aCampolongo, Roberto$0454706 245 10$aStudio critico su Giosuč Carducci /$cRoberto Campolongo 260 $aCastrovillari :$bTip. Eduardo Patitucci,$c1914 300 $a1 v. ;$c22 cm 650 4$aCarducci, Giosuč 907 $a.b12339891$b02-04-14$c08-10-03 912 $a991002798039707536 945 $aLE002 Busta A 81/10 (Fondo Guerrieri)$g1$i2002000109194$lle002$o-$pE0.00$q-$rn$so $t0$u0$v0$w0$x0$y.i12742181$z08-10-03 996 $aStudio critico su Giosuč Carducci$9159674 997 $aUNISALENTO 998 $ale002$b08-10-03$cm$da $e-$fita$git $h0$i1